| 000 | 02328nam a2200409 a 4500 | ||
|---|---|---|---|
| 001 | ebr10442230 | ||
| 003 | CaPaEBR | ||
| 006 | m u | ||
| 007 | cr cn||||||||| | ||
| 008 | 100802s2010 mnu sb 001 0deng d | ||
| 010 | _z 2010030721 | ||
| 020 | _z9780816642588 (hc : alk. paper) | ||
| 020 | _z9780816642595 (pb : alk. paper) | ||
| 020 | _z9780816675272 (e-book) | ||
| 040 |
_aCaPaEBR _cCaPaEBR |
||
| 035 | _a(OCoLC)699513563 | ||
| 043 |
_an-us-oh _an-us--- |
||
| 050 | 1 | 4 |
_aE450.G225 _bR44 2010eb |
| 082 | 0 | 4 |
_a306.3/62092 _aB _222 |
| 100 | 1 | _aReinhardt, Mark. | |
| 245 | 1 | 0 |
_aWho speaks for Margaret Garner? _h[electronic resource] / _cMark Reinhardt. |
| 246 | 3 | 4 |
_aWho speaks for Margaret Garner? : _bthe true story that inspired Toni Morrison's Beloved |
| 260 |
_aMinneapolis : _bUniversity of Minnesota Press, _cc2010. |
||
| 300 | _axii, 317 p. | ||
| 504 | _aIncludes bibliographical references and index. | ||
| 505 | 0 | _aIntroduction : an extraordinary case? -- Documents -- Escape and capture -- In the Commissioner's Court -- Return -- Requisition? -- Whose sovereignty? : courts in conflict -- The Ohio legislature responds : debate on the floor -- The battle in the press : editorials on the murder -- The battle in the press : editorials on the trial, return, and requisition -- Silence in the deep South : the case of Charleston, South Carolina -- Speeches, sermons, and "interviews" -- Final developments -- Literary sources, literary echoes -- Appendix: Text of the Fugitive Slave Act of 1850 -- Chronology of key events, 1856-71. | |
| 533 |
_aElectronic reproduction. _bPalo Alto, Calif. : _cebrary, _d2011. _nAvailable via World Wide Web. _nAccess may be limited to ebrary affiliated libraries. |
||
| 600 | 1 | 0 |
_aGarner, Margaret _vTrials, litigation, etc. |
| 600 | 1 | 0 |
_aGarner, Margaret _xPublic opinion. |
| 650 | 0 |
_aTrials (Infanticide) _zOhio _zCincinnati. |
|
| 650 | 0 |
_aInfanticide _zOhio _zCincinnati _xHistory _y19th century. |
|
| 650 | 0 |
_aFugitive slaves _xLegal status, laws, etc. _zOhio _zCincinnati. |
|
| 650 | 0 |
_aFugitive slaves _xLegal status, laws, etc. _zUnited States. |
|
| 655 | 7 |
_aElectronic books. _2local |
|
| 710 | 2 | _aebrary, Inc. | |
| 856 | 4 | 0 |
_uhttp://site.ebrary.com/lib/rucke/Doc?id=10442230 _zAn electronic book accessible through the World Wide Web; click to view |
| 999 |
_c246275 _d246275 |
||